Normal view
MARC view
- MATHEMATICS-HISTORY-SOURCES
Entry Topical Term
001 - CONTROL NUMBER
- control field: 78422
003 - CONTROL NUMBER IDENTIFIER
- control field: NUST
005 - DATE AND TIME OF LATEST TRANSACTION
- control field: 20210628210203.0
008 - FIXED-LENGTH DATA ELEMENTS
- fixed length control field: 210628|| aca||aabn | a|a d
040 ## - CATALOGING SOURCE
- Original cataloging agency: NUST
- Transcribing agency: NUST
150 ## - HEADING--TOPICAL TERM
- Topical term or geographic name entry element: MATHEMATICS-HISTORY-SOURCES
670 ## - SOURCE DATA FOUND
- Source citation: Work cat.: (NUST): Laubenbacher, Reinhard Pengelley, David 78421, Mathematical expeditions chronicales by the explorers, 1999
